| 000 | 00744nam a2200217 4500 | ||
|---|---|---|---|
| 005 | 20240530110550.0 | ||
| 008 | 160702s2014 ua a f |||| 00| 0 ara d | ||
| 017 |
_a2013/19839 _bمصر. دار الكتب المصرية |
||
| 020 | _a9772329373 | ||
| 040 | _aEG-CaGPL | ||
| 082 | 0 | 4 |
_a646.4/ _bى ا _221 |
| 100 | 0 | _aيسرى معوض عيسى احمد | |
| 245 | 1 | 0 |
_aاسس تصميم الازياء والموضة / _cاعداد يسرى معوض عيسى احمد. |
| 250 | _aط . 1. | ||
| 260 |
_aالقاهرة : _bعالم الكتب، _c2014. |
||
| 300 |
_a304 ص. : _bايض. ؛ _c28 سم. |
||
| 650 | 0 | 4 | _aتصميم الازياء |
| 650 | 0 | 4 | _aالموضة |
| 942 |
_2ddc _cBK |
||
| 999 |
_c62448 _d62448 |
||